01328cam a2200325 a 450000500170000000800410001701000140005802000260007202000230009803500130012103700150013404000180014908200110016710000180017824501110019624600850030724600700039226000400046227000470050230000390054950000200058865000400060865000470064865000380069571000160073385600680074994200250081799900170084295201430085920080604192006.0070725s2008 nyua f 001 0 eng  aENG-91627 a9788183332842c165.00 a8183332846c165.00 aEN-75160 bDBAD / PUB adplbEnglish  a778.59 aDreier, Troy. aCNET do-it-yourself home video projects :b24 cool things you didn't know you could do! /cby Troy Dreier  aDo-it-yourself home video projects, 24 cool things you didn't know you could do! aHome video projects, 24 cool things you didn't know you could do! aNew Delhi bBPB Publicationsc2008. aB-14, Connaught Place bNew Delhi e110001 aix, 229 p. :bill. ;c28 cm (pbk)  aIncludes index. aVideo recordingvAmateurs' manuals. aDigital videoxEditingvAmateurs' manuals. aDigital videovAmateurs' manuals. aCNET (Firm) uhttp://www.loc.gov/catdir/enhancements/fy0739/2007030777-d.html 2ddccENh778.59mDRE c18614d18614 00102ddc40718NFICaDBADbDBADd2008-11-18eDBAD / PUBg165.00l0o778.59 DREpEN-75160r2008-11-18 00:00:00t1v165.00w2008-11-18yEN